| 000 | 00692nam a2200217 a 4500 | ||
|---|---|---|---|
| 001 | 6391 | ||
| 003 | CO-ViMGA | ||
| 008 | 141112s2004 ck r 000 u spa d | ||
| 040 |
_aCO-ViMGA _bspa _cCO-ViMGA |
||
| 082 | 0 | 4 | _a631.62 L868 |
| 100 | 1 |
_aLuque, Jorge A _95141 |
|
| 245 | 1 | 0 |
_aDrenaje agrícola y desague de áreas inundables / _cLuque Jorge A. , Vásquez Roberto J. , Luque Jorge L. |
| 260 |
_aBuenos Aires : _bHemisferio Sur, _c1991 |
||
| 300 | _a215 p : il | ||
| 490 | _aTextos de agronomía y veerinaria | ||
| 650 | 1 | 4 |
_aDRENAJE AGRICOLA _95142 |
| 650 | 1 | 4 |
_aLuque, Jorge L. _95143 |
| 650 | 1 | 4 |
_aSUELOS - DRENAJE _954167 |
| 650 | 1 | 4 |
_aVásquez, Roberto J. _95144 |
| 942 |
_2ddc _cBK |
||
| 999 |
_c18361 _d18361 |
||